01104nam a2200205 a 450000100100000000500170001000800410002704000250006810000280009324503010012126000720042230000180049449000310051250000740054350000740061750501100069154600320080170000330083383000320086600003919920201002031536.0130611s1970 sp 000 0 spa d aDO-SdBNPbspacBNPHU1 aDíez Macho, Alejandro10aNeophyti 1 :bTargum Palastinense ms de la Biblioteca Vaticana /cAlejandro Díez Macho ; Edición príncipe, introducción y versión castellana por Alejandro Díez Macho. Traducciones cotejadas de la versión castellana: francesa: R. Le Déaut; inglesa: Martin McNamara y Michael Maher. aMadrid :bConsejo Superior de Investigaciones Científicas,c1970. a6v. ;c28 cm.1 aTextos y estudiosv8-11,20 aIncluye referencias bibliográficas y notas al pie de las págianas aSeminario Filológico Cardenal Cisneros del Instituto Arias Montano.0 av.1 .tGénesisgv. 2tÉxodogv. 3tLevíticogv. 4tNúmerogv. 5tDeuterónimogv. 6tApéndices aTexto en español y hebreo1 aDíez Macho, Alejandroeed. 0aTextos y estudiosv8-11, 20